[Event "NOR-chT Club"]
[Site "Bergen"]
[Date "2023.05.18"]
[Round "1.10"]
[White "Kvaloy, Aksel Bu"]
[Black "Lura, Njal"]
[Result "1-0"]
[WhiteElo "2321"]
[BlackElo "1656"]
[PlyCount "79"]
[EventDate "2023.05.18"]
[EventType "team-swiss"]
[EventRounds "6"]
[EventCountry "NOR"]
[SourceTitle "CBM 214 Extra"]
[Source "ChessBase"]
[SourceDate "2023.07.31"]
[SourceVersion "1"]
[SourceVersionDate "2023.07.31"]
[SourceQuality "1"]
[WhiteTeam "Stavanger"]
[BlackTeam "Sotra II"]
[WhiteTeamCountry "NOR"]
[BlackTeamCountry "NOR"]

1. e4 c6 2. d4 d5 3. e5 c5 4. dxc5 e6 5. a3 Bxc5 6. Qg4 Kf8 7. Nf3 h5 8. Qf4 Nc6 9. Bd3 Nce7 10. 0-0 Nh6 11. b4 Bb6 12. Bb2 Nef5 13. Nc3 Rg8 14. h4 Bd7 15. Ne2 Qe7 16. g3 Rc8 17. Qd2 Ng4 18. Bxf5 exf5 19. Nf4 Bb5 20. Nxd5 Qd8 21. Nxb6 Qxd2 22. Nxd2 Rxc2 23. Nbc4 Bxc4 24. Nxc4 Rxc4 25. Rac1 Rxc1 26. Rxc1 Ke7 27. f3 Ne3 28. Rc7+ Ke6 29. Bd4 f4 30. gxf4 Nf5 31. Bf2 Rd8 32. Rxb7 Rd1+ 33. Kg2 Rd2 34. Kf1 Rd3 35. Rxa7 Rxf3 36. b5 Kd5 37. b6 Rb3 38. Rxf7 Ke4 39. b7 Kf3 40. Rxf5 1-0

[Event "Straume Bronstein Cup A"]
[Site "Straume"]
[Date "2019.10.27"]
[Round "4"]
[White "Lura, Njal"]
[Black "Nordnes, Tor Gunnar"]
[Result "1-0"]
[WhiteElo "1617"]
[BlackElo "1755"]
[PlyCount "143"]
[EventDate "2019.10.27"]
[EventType "swiss (rapid)"]
[EventRounds "6"]
[EventCountry "NOR"]
[SourceTitle "EXT 2024"]
[Source "ChessBase"]
[SourceDate "2023.10.10"]
[SourceVersion "1"]
[SourceVersionDate "2023.10.10"]
[SourceQuality "1"]

1. c4 c5 2. g3 Nc6 3. Bg2 d6 4. Nc3 Bd7 5. Rb1 g6 6. a3 a5 7. e3 Bg7 8. Nge2 Ne5 9. d3 Bc6 10. e4 Nf6 11. 0-0 0-0 12. h3 e6 13. f4 Ned7 14. Kh2 Nb6 15. b4 axb4 16. axb4 cxb4 17. Rxb4 d5 18. Be3 Nbd7 19. exd5 exd5 20. cxd5 Bxd5 21. Nxd5 Nxd5 22. Bxd5 Qa5 23. Qb3 Rae8 24. Rb5 Qd8 25. d4 Nf6 26. Bf3 Qd7 27. Rxb7 Qf5 28. Ng1 Rc8 29. Rc1 Rxc1 30. Bxc1 Qa5 31. Qb4 Qa2+ 32. Qb2 Qc4 33. Qd2 Nd5 34. Bxd5 Qxd5 35. Rb4 Ra8 36. Qg2 Ra2 37. Rb2 Qxg2+ 38. Kxg2 Ra1 39. Rc2 Bxd4 40. Nf3 Bf6 41. Rc8+ Kg7 42. Rc2 h6 43. Bb2 Bxb2 44. Rxb2 Ra7 45. g4 f6 46. Nd4 h5 47. Kg3 hxg4 48. hxg4 Ra3+ 49. Rb3 Ra7 50. Rc3 Re7 51. Rc7 Kf7 52. Rxe7+ Kxe7 53. Kf3 Kd6 54. Ke4 Kc5 55. Ne6+ Kd6 56. Nd4 Kc5 57. Nf3 Kd6 58. Kd4 Kc6 59. Nd2 Kd6 60. Nc4+ Ke6 61. Nb6 Kd6 62. Na4 Kc6 63. Nc3 Kd6 64. Ne4+ Ke6 65. Nd2 Kd6 66. Nc4+ Ke6 67. Kc5 Kd7 68. Kd5 Ke7 69. Nb6 Kf7 70. Kd6 Kg7 71. Ke6 g5 72. f5 1-0

[Event "NOR-ch West A"]
[Site "Sandsli"]
[Date "2019.06.15"]
[Round "3"]
[White "Schick, Matheo"]
[Black "Lura, Njal"]
[Result "0-1"]
[WhiteElo "1450"]
[BlackElo "1642"]
[PlyCount "70"]
[EventDate "2019.06.14"]
[EventType "swiss"]
[EventRounds "5"]
[EventCountry "NOR"]
[SourceTitle "EXT 2024"]
[Source "ChessBase"]
[SourceDate "2023.10.10"]
[SourceVersion "1"]
[SourceVersionDate "2023.10.10"]
[SourceQuality "1"]

1. e4 c6 2. d4 d5 3. exd5 cxd5 4. Bd3 Nc6 5. c3 Nf6 6. h3 g6 7. Nf3 Bf5 8. Bf4 Bxd3 9. Qxd3 e6 10. 0-0 Bd6 11. Bxd6 Qxd6 12. Re1 0-0 13. Nbd2 a6 14. Ne5 Rfc8 15. Qf3 Kg7 16. Nb3 b6 17. Re2 a5 18. Rae1 a4 19. Nd2 b5 20. g4 Qc7 21. h4 h5 22. gxh5 Nxh5 23. Kh1 Rh8 24. Rg1 Nf6 25. Qg3 Rh6 26. Ndf3 Rah8 27. Qf4 Ne7 28. Nxg6 Qxf4 29. Nxf4+ Kf8 30. Rg5 Nf5 31. Ng2 Ne4 32. Rg4 Nf6 33. Rf4 Rg8 34. Ng5 Rxg5 35. Kg1 Nxh4 0-1